Physique des plasmas : Cours et applications (notice n° 1929266)

détails MARC
000 -LEADER
fixed length control field 01208cam a2200133 4500500
005 - DATE AND TIME OF LATEST TRANSACTION
control field 20260329023740.0
041 ## - LANGUAGE CODE
Language code of text/sound track or separate title fre
042 ## - AUTHENTICATION CODE
Authentication code dc
100 10 - MAIN ENTRY--PERSONAL NAME
Personal name Rax, Jean-Marcel
Relator term author
245 00 - TITLE STATEMENT
Title Physique des plasmas : Cours et applications
260 ## - PUBLICATION, DISTRIBUTION, ETC.
Name of publisher, distributor, etc. Dunod,<br/>
Date of publication, distribution, etc. 2005.<br/>
520 ## - SUMMARY, ETC.
Summary, etc. La matière portée à haute température subit une série de transformations, vaporisation, puis dissociation et finalement ionisation, conduisant à la création de populations d'ions et d'électrons libres. On appelle plasma un tel état ionisé de la matière. Le premier chapitre décrit les différents domaines d'application de la physique des plasmas : astrophysique, procédés industriels, propulsion spatiale et fusion thermonucléaire. Le deuxième rappelle les bases de physique classique nécessaires à la compréhension du cours. La suite de l'ouvrage apporte une présentation originale et moderne de la physique des plasmas en donnant un poids égal à la construction de modèles et à la résolution des problèmes ainsi posés. De nombreux exemples et applications illustrent le cours.
856 41 - ELECTRONIC LOCATION AND ACCESS
Uniform Resource Identifier <a href="https://stm.cairn.info/physique-des-plasmas--9782100072507?lang=fr&redirect-ssocas=7080">https://stm.cairn.info/physique-des-plasmas--9782100072507?lang=fr&redirect-ssocas=7080</a>

Pas d'exemplaire disponible.

PLUDOC

PLUDOC est la plateforme unique et centralisée de gestion des bibliothèques physiques et numériques de Guinée administré par le CEDUST. Elle est la plus grande base de données de ressources documentaires pour les Étudiants, Enseignants chercheurs et Chercheurs de Guinée.

Adresse

627 919 101/664 919 101

25 boulevard du commerce
Kaloum, Conakry, Guinée

Réseaux sociaux

Powered by Netsen Group @ 2025